| 000 | 00575nam a2200157 a 4500 | ||
|---|---|---|---|
| 001 | 000044310 | ||
| 005 | 20201002045302.0 | ||
| 008 | 140613s2000 dr a 000 0 spa d | ||
| 040 |
_aDO-SdBNP _bspa _cBNPHU |
||
| 100 | 1 |
_aRavárez Justo, Manuel Aurelio _q(Manolo) _972315 |
|
| 245 | 1 | 0 |
_aGalería histórica / _cManuel Aurelio Tavárez Justo (Manolo); editor Henry A. Rojas L. ; ilustraciones Elvis Matos. |
| 260 |
_aSanto Domingo : _bGráficos Hernández, _c2000. |
||
| 300 |
_a74 p. ; _c23 cm. |
||
| 700 | 1 | 2 |
_aRojas L., Henry A. _eed. _917942 |
| 700 | 1 | 2 |
_aMatos, Elvis _eil. _972316 |
| 999 |
_c43799 _d43799 |
||